[Event "IECG TE.2004.P.01503"]
[Site "IECG email"]
[Date "2004.06.17"]
[Round "?"]
[White "Portal, Angel"]
[Black "Shrinivasan, Raman"]
[Result "0-1"]
[WhiteElo "789"]
[BlackElo "2209"]
[PlyCount "54"]
[EventDate "2004.06.17"]
[EventType "tourn (corr)"]
[EventRounds "8"]
[SourceTitle "Corr 2008"]
[Source "ChessBase"]
[SourceDate "2008.06.24"]
[SourceVersion "1"]
[SourceVersionDate "2008.06.24"]
[SourceQuality "1"]

1. e4 e6 2. d4 d5 3. Nc3 Nf6 4. Bg5 Bb4 5. e5 h6 6. Bd2 Bxc3 7. bxc3 Ne4 8. Qg4 g6 9. Bd3 Nxd2 10. Kxd2 c5 11. Nf3 Bd7 12. Rhb1 Bc6 13. Qf4 c4 14. Be2 Nd7 15. h3 Qe7 16. a3 0-0-0 17. Ke1 g5 18. Qg4 f5 19. exf6 Nxf6 20. Qg3 Ne4 21. Qh2 Nxc3 22. Ne5 Nxb1 23. Ng6 Qh7 24. Nxh8 Qxc2 25. Qg3 Qd2+ 26. Kf1 Qc1+ 27. Bd1 Qxd1# 0-1

[Event "IECG TE.2004.P.01503"]
[Site "IECG email"]
[Date "2004.06.17"]
[Round "?"]
[White "Shrinivasan, Raman"]
[Black "Wurm, Tamas"]
[Result "1-0"]
[WhiteElo "2209"]
[BlackElo "1328"]
[PlyCount "85"]
[EventDate "2004.06.17"]
[EventType "tourn (corr)"]
[EventRounds "8"]
[SourceTitle "Corr 2008"]
[Source "ChessBase"]
[SourceDate "2008.06.24"]
[SourceVersion "1"]
[SourceVersionDate "2008.06.24"]
[SourceQuality "1"]

1. e4 e6 2. d4 d5 3. Nc3 Nf6 4. Bg5 Bb4 5. Nge2 h6 6. Bxf6 Qxf6 7. a3 Bxc3+ 8. Nxc3 0-0 9. exd5 exd5 10. Nxd5 Qe6+ 11. Ne3 Nd7 12. Bc4 Qe4 13. 0-0 Nb6 14. Bd3 Qf4 15. g3 Qf6 16. Re1 c6 17. c3 Be6 18. Qc2 Nd5 19. Nc4 Rad8 20. Re5 Rfe8 21. Rae1 Nc7 22. Na5 Bc8 23. Rxe8+ Rxe8 24. Rxe8+ Nxe8 25. Qe2 Kf8 26. Qe5 Qxe5 27. dxe5 Nc7 28. Nc4 Be6 29. Nd6 b6 30. f4 Ke7 31. Nf5+ Bxf5 32. Bxf5 c5 33. Kf2 f6 34. Ke3 Kf7 35. Bd3 b5 36. c4 a6 37. b4 cxb4 38. axb4 Ke6 39. Ke4 g5 40. f5+ Ke7 41. exf6+ Kxf6 42. g4 Ke7 43. Ke5 1-0

[Event "IECG TE.2004.P.01503"]
[Site "IECG email"]
[Date "2004.06.17"]
[Round "?"]
[White "Townsend, John"]
[Black "Shrinivasan, Raman"]
[Result "1/2-1/2"]
[WhiteElo "1869"]
[BlackElo "2209"]
[PlyCount "117"]
[EventDate "2004.06.17"]
[EventType "tourn (corr)"]
[EventRounds "8"]
[SourceTitle "Corr 2008"]
[Source "ChessBase"]
[SourceDate "2008.06.24"]
[SourceVersion "1"]
[SourceVersionDate "2008.06.24"]
[SourceQuality "1"]

1. e4 e6 2. d4 d5 3. Nc3 Nf6 4. Bg5 Bb4 5. e5 h6 6. Be3 Ne4 7. Qg4 Kf8 8. a3 Bxc3+ 9. bxc3 c5 10. Bd3 Nxc3 11. dxc5 Nc6 12. Bd2 f5 13. Qg3 Ne4 14. Bxe4 dxe4 15. Rd1 Qe7 16. Ne2 Kf7 17. Be3 g5 18. h4 Bd7 19. hxg5 hxg5 20. Rxh8 Rxh8 21. Bxg5 Rh1+ 22. Kd2 Rxd1+ 23. Kxd1 Qxc5 24. Bf6 Qf8 25. Qh3 Qg8 26. Kc1 Ne7 27. Nf4 Ng6 28. Qh5 Bc6 29. Kb2 a6 30. Nh3 Bd5 31. g4 fxg4 32. Ng5+ Ke8 33. Qxg4 Kd7 34. Nxe4 Bxe4 35. Qxe4 Kc8 36. f4 Kb8 37. Bg5 Qe8 38. Qd4 Nf8 39. Qd6+ Ka8 40. Kc3 Qc8+ 41. Kd4 b5 42. Qd8 Kb7 43. Qxc8+ Kxc8 44. Ke4 Kd7 45. Bh6 Ng6 46. f5 exf5+ 47. Kxf5 Ne7+ 48. Ke4 Ke6 49. Bf8 Nc6 50. Bg7 a5 51. Bh6 Nxe5 52. Kd4 Nc4 53. Bf8 Ne5 54. Kc5 Nd7+ 55. Kxb5 Nxf8 56. Kxa5 Kd6 57. Kb5 Kc7 58. a4 Ne6 59. c3 1/2-1/2